000 01050nam a2200253 a 4500
008 120416s1988 ||||||||||||||||| || u
020 _a0198518706
050 _aQC 176.5 Ros
100 _aRosenberg, H. M. (Harold Max)
245 1 4 _aThe solid state : an introduction to the physics of solids for students of physics, materials science, and engineering /
250 _a3rd ed.
260 _aOxford
_bOxford University Press
_c1988
300 _aviii, 315p. : ill.
350 _a0.00
490 _aOxford physics series
490 _v9 ; Oxford science publications
500 _aIncludes bibliographical references (p. [305]-308) and index.
650 _aCRYSTALS
650 0 _aSOLID STATE PHYSICS
650 0 _aPHYSICS
856 _uhttp://www.loc.gov/catdir/enhancements/fy0603/87019997-t.html
856 _uhttp://www.loc.gov/catdir/enhancements/fy0603/87019997-d.html
995 _D0.00
_FCBU-MAIN LIBRARY (Kitwe)
_H1
_I11.95
_M1
_UAVAILABLE
_ZMain Library Open Access Collection
999 _c57879
_d57879